Filmes que ganharam o Prêmio Oscar (2010-2024) - Statistics

Estatísticas Gerais
  • Esse quiz foi jogado 162 vezes
  • A pontuação média é 7 de 15
Estatísticas das Respostas
Hint Resposta % Correto
2020 Parasita
79%
2024 Oppenheimer
73%
2023 Tudo em Todo o Lugar ao Mesmo Tempo
70%
2018 A Forma da Água
48%
2017 Moonlight: Sob a Luz do Luar
44%
2014 12 Anos de Escravidão
39%
2019 Green Book- O Guia
38%
2022 No Ritmo do Coração
38%
2021 Nomadland
37%
2011 O Discurso do Rei
37%
2013 Argo
36%
2012 O Artista
31%
2016 Spotlight: Segredos Revelados
31%
2015 Birdman ou (A Inesperada Virtude da Ignorância)
30%
2010 Guerra ao Terror
29%
Nenhum quiz correspondente encontrado
Distribuição das Pontuações
Porcentagem de Pessoas com Cada Pontuação
Percentil de Números Respondidos
Sua Pontuação Histórica
Você não jogou esse quiz